La responsabilidad del transportista ařeo y la proteccin̤ de los pasajeros

Detalles Bibliográficos
Autor principal: Guerrero Lebrn̤, Mara̕ Jess︢
Formato: eBook
Lenguaje:español
Publicado: Madrid: Marcial Pons, 2015
Materias:
Acceso en línea:Acceso restringido

MARC

LEADER 00000nam a22000007a 4500
005 20220322203035.0
007 cr|||| ||||
008 220322s2015 ea |||||s|||| 00||0 spa d
020 |a 978-84-9123-833-1 
035 |a 33570 
040 |a vLex 
090 |c 13071  |d 13071 
100 1 |a Guerrero Lebrn̤, Mara̕ Jess︢ 
245 1 2 |a La responsabilidad del transportista ařeo y la proteccin̤ de los pasajeros  |h [Recurso electrn̤ico] /  |c Mara̕ Jess︢ Guerrero Lebrn̤ 
256 |a Servicio en ln̕ea 
260 |a Madrid:  |b Marcial Pons,  |c 2015 
300 |a 1 recurso electrn̤ico 
506 1 |a Disponible solo en los productos indicados  |d vLex Global  |d vLex Global (Academic Edition, excluding Law Schools)  |d vLex Global (U.S. Academic Edition, Law Schools)  |d vLex Global (U.S. Academic Edition, excluding Law Schools)  |d vLex Global (Academic Edition, Law Schools) 
650 0 4 |a Derecho Internacional  |z Espaą 
650 0 4 |a Derecho Civil  |z Espaą 
650 0 4 |a Derecho Mercantil y de la Empresa  |z Espaą 
740 0 |a vLex Libros (Servicio en ln̕ea) 
856 4 0 |u https://app.vlex.com/#/sources/33570  |z Acceso restringido 
942 |c BOOK 
999 0 |a International Law 
999 0 |a Civil Law 
999 0 |a Commercial and Company Law